Pokemon - Méga-évolution - Statistiques

Statistiques générales
  • Ce quiz a été pris 745 fois
    223 depuis la dernière actualisation
  • Le résultat moyen est 72 sur 93
Statistiques - réponses
Type(s) Pokemon % Correct
Plante/Poison Méga-Florizarre
97%
Eau Méga-Tortank
96%
Feu/Dragon Méga-Dracaufeu-X
94%
Feu/Vol Méga-Dracaufeu-Y
94%
Normal/Vol Méga-Roucarnage
92%
Feu/Combat Méga-Braségali
90%
Dragon/Sol Méga-Carchacrok
90%
Insecte/Poison Méga-Dardargnan
90%
Spectre/Poison Méga-Ectoplasma
90%
Psy Méga-Alakazam
89%
Combat/Acier Méga-Lucario
89%
Dragon/Vol Méga-Dracolosse
88%
Plante/Dragon Méga-Jungko
88%
Eau/Sol Méga-Laggron
88%
Psy/Combat Méga-Mewtwo-X
88%
Psy Méga-Mewtwo-Y
88%
Dragon/Vol Méga-Drattak
85%
Plante/Poison Méga-Empiflor
85%
Psy/Fée Méga-Gardevoir
85%
Plante/Fée Méga-Méganium
85%
Electrik Méga-Raichu X
85%
Electrik Méga-Raichu Y
85%
Dragon/Vol Méga-Rayquaza
85%
Roche/Ténèbres Méga-Tyranocif
85%
Insecte/Acier Méga-Cizayox
84%
Dragon/Psy Méga-Latios
84%
Glace Méga-Oniglali
84%
Insecte/Vol Méga-Scarabrute
84%
Acier/Vol Méga-Airmure
83%
Eau/Dragon Méga-Aligatueur
83%
Dragon/Fée Méga-Altaria
83%
Dragon/Psy Méga-Latias
83%
Eau/Ténèbres Méga-Léviator
83%
Acier/Psy Méga-Métalosse
83%
Roche/Vol Méga-Ptéra
83%
Insecte/Combat Méga-Scarhino
83%
Acier/Sol Méga-Steelix
83%
Ténèbres/Spectre Méga-Ténéfix
83%
Ténèbres Méga-Absol
82%
Ténèbres/Feu Méga-Démolosse
82%
Fée/Vol Méga-Mélodelfe
82%
Eau/Psy Méga-Staross
82%
Eau/Ténèbres Méga-Sharpedo
81%
Psy/Combat Méga-Gallame
80%
Glace/Spectre Méga-Momartik
80%
Feu/Sol Méga-Camérupt
79%
Roche/Fée Méga-Diancie
79%
Electrik Méga-Elecsprint
79%
Acier/Fée Méga-Mysdibule
79%
Normal Méga-Kangourex
78%
Normal/Fée Méga-Nanméouie
78%
Electrik/Dragon Méga-Pharamp
78%
Eau/Ténèbres Méga-Amphinobi
77%
Plante/Glace Méga-Blizzaroi
77%
Eau/Psy Méga-Flagadoss
77%
Feu/Acier Méga-Heatran
77%
Combat/Acier Méga-Lucario Z
77%
Combat/Vol Méga-Étouraptor
76%
Acier Méga-Galeking
76%
Feu/Psy Méga-Goupelin
76%
Combat/Psy Méga-Charmina
75%
Combat/Vol Méga-Brutalibré
74%
Ténèbres Méga-Darkrai
73%
Dragon/Glace Méga-Glaivodo
73%
Feu/Normal Méga-Némélios
73%
Feu/Combat Méga-Roitiflam
73%
Plante/Combat Méga-Blindépique
72%
Spectre/Feu Méga-Lugulabre
72%
Spectre Méga-Branette
71%
Insecte/Poison Méga-Brutapode
71%
Sol/Acier Méga-Minotaupe
71%
Ténèbres/Spectre Méga-Absol Z
70%
Électrik Méga-Ohmassacre
70%
Dragon/Sol Méga-Zygarde
69%
Psy-Acier Méga-Éoko
68%
Normal/Combat Méga-Lockpin
68%
Plante/Feu Méga-Scovilain
67%
Ténèbres/Combat Méga-Baggaïd
66%
Dragon Méga-Carchacrok Z
65%
Normal/Dragon Méga-Draïeul
65%
Poison/Dragon Méga-Kravarech
63%
Combat/Glace Méga-Crabominable
61%
Roche/Poison Méga-Floréclat
60%
Ténèbres/Psy Méga-Sépiatroce
60%
Sol-Spectre Méga-Golemastoc
59%
Combat Méga-Hexadron
58%
Acier/Fée Méga-Magearna
58%
Fée Méga-Floette
57%
Roche/Combat Méga-Golgopathe
57%
Electrik Méga-Zeraora
57%
Dragon/Eau Méga-Nigirigon
55%
Insecte/Acier Méga-Sarmuraï
53%
Psy Méga-Mistigrix
51%
Aucun quiz correspondant
Distribution des résultats
% des personnes avec chaque résultat
Percentile par nombre de réponses
Votre historique - résultats
Vous n’avez pas pris ce quiz depuis la dernière actualisation